00548nam a22001697a 4500003001100000005001700011008004100028020001500069040003900084041000800123082001600131100002800147245009900175260003900274300002700313650003800340LK-CoMWRAF20231207115318.0231125b2002 |||||||| |||| 00| 0 eng d a9559151029 aLK-CoMWRAFdLK-CoMWRAFeLK-CoMWRAF aeng a348.04bHUS aHussain, M. S. Mohammed aHussain's complete digest of case law of Sri Lanka : 1820-2000,bVol-1 A to Administrative law aKandy : bArafa (Pvt.) Ltd.,c2002 axxviii, 724 p.; 26 cm. aLaw reports, digests, -Sri Lanka.